| 000 | 00430nam a2200157Ia 4500 | ||
|---|---|---|---|
| 008 | 210815s9999||||xx |||||||||||||| ||und|| | ||
| 040 | _aID-SmMUS | ||
| 084 | _a128-0115 IVE Gov Bo. | ||
| 100 | _aMc. Iver | ||
| 245 | 0 | _aJaring-Jaring Pemerintahan Jilid 1 | |
| 250 | _aKe-1 | ||
| 260 |
_aJakarta _bAksara Baru _c1985 |
||
| 300 | _ai-1 + 238 hlm | ||
| 650 |
_aGovernment (Pemerintahan) _eG-O-V _vPola-Pola Pemerintahan |
||
| 942 | _cBK | ||
| 999 |
_c1598 _d1598 |
||